00525 a2200157 4500001000700000020000600007040001100013100004000024240008000064245007500144362000900219697001100228942000700239952010200246999001900348193204 a  cMagnum aOliveira, Maria Jose Alves da Silva10aFolclore e cultura popular na formacao do profissional de educ. fisicalpor10aFolclore e cultura popular na formacao do profissional de educ. fisica0 a1899 aENSINO cBK 00104070a32.5b32.5d2024-06-08l0oTE.00001pMAG00072214r2024-06-08 21:20:35w2024-06-08yBK c193204d193204